| 000 | 01145cam a22002531 4500 | ||
|---|---|---|---|
| 001 | gs 21000443 | ||
| 003 | DLC | ||
| 005 | 20260227111326.0 | ||
| 008 | 891016s1921 ag abf b 000 0 spa | ||
| 010 | _ags 21000443 | ||
| 035 | _a(OCoLC)20495963 | ||
| 040 |
_aDLC _cCU _dCU _dDLC |
||
| 042 | _apremarc | ||
| 050 | 0 | 0 |
_aQE231 _b.A28 no. 24 |
| 100 | 1 |
_aWindhausen, Anselmo, _d1882- |
|
| 245 | 0 | 0 |
_aInforme sobre un viaje de reconocimiento geológico en la parte nordeste del Territorio del Chubut, _bcon referencia especial a la cuestión de la provisión de agua de Puerto Madryn, _cpor el Dr. Anselmo Windhausen. Con un estudio petrográfico de algunas rocas, por el dr. Robert Beder. |
| 260 |
_aBuenos Aires, _bTalleres gráficos del Ministerio de agricultura de la nación, _c1921. |
||
| 300 |
_a1 p. l., 72 p. _bV pl. (incl. 2 fold. maps, fold. profile) maps, profiles, diagrs. _c27 cm. |
||
| 410 | 1 | 0 |
_aArgentina. _bDirección General de Minas y Geología. _tBoletin _vno. 24. Ser. B (Geologia) |
| 504 | _a"Bibliografia": p. 51-53. | ||
| 650 | 0 |
_aGeology _zArgentina. |
|
| 650 | 0 |
_aPetroleum _zArgentina. |
|
| 700 | 1 |
_aBeder, Robert, _d1885- |
|
| 999 |
_c26137 _d26137 |
||